Stare mapy polskich miast - Statystyki

Ogólne statystyki
  • Ten quiz został rozwiązany 2 196 razy
    1 964 od ostatniego zresetowania
  • Średni wynik to 4 z 12
Statystyki odpowiedzi
Obrazkowy Odpowiedź % Poprawnych
Kraków
84%
Szczecin
72%
Toruń
57%
Wrocław
50%
Warszawa
42%
Poznań
37%
Przemyśl
27%
Opole
18%
Gorzów Wielkopolski
12%
Malbork
9%
Częstochowa
8%
Kalisz
8%
Nie znaleziono quizów pasujących do podanych kryteriów
Rozkład punktacji
Procent ludzi z każdym wynikiem
Percentyl według liczby udzielonych odpowiedzi
Twoja historia wyników
Nie rozwiązałeś tego quizu od ostatniego zresetowania